Sports Quiz

Random Sports or College Quiz

Active 4,000 Yrd Rushers Quiz Stats

 Plays Quiz not verified by Sporcle

Score 0/21 Timer 05:00
0 Plays Today
College Name % Correct
TCULaDanian Tomlinson
98.9%
TexasRicky Williams
95.6%
MemphisDeAngelo Williams
95.6%
VirginiaThomas Jones
93.2%
Notre DameJulius Jones
93.2%
OklahomaAdrian Peterson
92.9%
Penn StateLarry Johnson
89.9%
University of MiamiClinton Portis
81.7%
AuburnRonnie Brown
81.7%
University of MiamiFrank Gore
80.7%
Oregon StateSteven Jackson
80.7%
College Name % Correct
MinnesotaMarion Barber
79.7%
UCLAMaurice Jones-Drew
78.3%
FloridaFred Taylor
77.7%
ToledoChester Taylor
77.7%
University of MiamiWillis McGahee
77.6%
VillanovaBrian Westbrook
74.3%
TexasCedric Benson
71%
Northern IllinoisMichael Turner
65.9%
Virginia TechMichael Vick
62.7%
North CarolinaWillie Parker
26.3%

You're not logged in!

Compare scores with friends on all Sporcle quizzes.
OR
Log In

Show Comments

Extras

Created Nov 11, 2010ReportNominate
Tags:College Quiz, active, rusher, rushing, yard

Top Quizzes Today


Score Distribution

Your Account Isn't Verified!

In order to create a playlist on Sporcle, you need to verify the email address you used during registration. Go to your Sporcle Settings to finish the process.

Report this User

Report this user for behavior that violates our Community Guidelines.

Details: